| 000 | 01327cam a2200217 4500500 | ||
|---|---|---|---|
| 005 | 20251228073439.0 | ||
| 041 | _afre | ||
| 042 | _adc | ||
| 100 | 1 | 0 |
_aAubert, Jacques _eauthor |
| 245 | 0 | 0 | _aD'un parcours inédit de l'extase à l'écriture |
| 260 | _c2007. | ||
| 500 | _a15 | ||
| 520 | _aRésuméCet article propose un parcours dans l’œuvre de Joyce, à la recherche des traces d’une écriture de l’extase, tôt entrevue grâce aux épiphanies et longtemps poursuivie, à travers les figures de la femme notamment et jusqu’au work in progress de Finnegans Wake. L’impossible de l’écriture ainsi visée se révèle indissociablement liée à la jouissance qui tente de s’y cerner. | ||
| 520 | _aThis paper traces signs of a writing of ecstasy, an ecstasy first glimpsed in the epiphanies, then sought for in the figures of women and finally in the work in progress which was Finnegans Wake. The impossibility of writing thus tracked is actually indissociable from the ‘jouissance’ it tries to circumscribe. | ||
| 690 | _aÉcriture | ||
| 690 | _aextase | ||
| 690 | _aecstasy | ||
| 690 | _awriting | ||
| 786 | 0 | _nSavoirs et clinique | 8 | 1 | 2007-10-18 | p. 171-179 | 1634-3298 | |
| 856 | 4 | 1 | _uhttps://shs.cairn.info/revue-savoirs-et-cliniques-2007-1-page-171?lang=fr&redirect-ssocas=7080 |
| 999 |
_c1595229 _d1595229 |
||